00585nam a2200145Ia 4500008004100000020001800041040002900059050002300088100001700111245013100128260003000259942000700289952012600296999001700422230222s9999||||xx |||||||||||||| ||und|| a9788121901468 cChuka University Library aQP 34.5bK647 2010 aKhurmi R. S. 0aMaterials Science: A Textbook for Students of B.E./B. Tech. students of different Technical Universities  for A.M.I.E Courses aS. ChandbNew Delhic2010 cBK 00102lcc40708LGLaCHKbCHKcGENd2023-02-22l0oTA 403 .K486 2017p18127/2019r2023-02-22 00:00:00t2w2023-02-22yBK c12789d12789